[Event "Commonwealth & South African Open 2011"]
[Site "Emperors Casino and Conference"]
[Date "2011.06.24"]
[Round "3.34"]
[White "Mamombe, Kudzanai"]
[Black "Windvogel, Lance J"]
[Result "1-0"]
[WhiteElo "2089"]
[BlackElo "1733"]
[PlyCount "69"]
[EventDate "2011.06.24"]

1. e4 e6 2. d4 d5 3. Nc3 Bb4 4. e5 c5 5. a3 Bxc3+ 6. bxc3 Qc7 7. Nf3 Ne7 8. Bd3
b6 9. O-O Ba6 10. a4 Bxd3 11. Qxd3 Nbc6 12. Ba3 cxd4 13. cxd4 Na5 14. Nd2 Rc8
15. Qb5+ Qc6 16. Rfc1 Qxb5 17. axb5 Nf5 18. c3 Kd7 19. Bb4 Rc7 20. g4 Nh6 21.
Bxa5 bxa5 22. h3 Rhc8 23. Nb3 f6 24. exf6 gxf6 25. Nc5+ Ke7 26. Rxa5 Nf7 27.
Ra6 Ng5 28. Rca1 Nxh3+ 29. Kg2 Nf4+ 30. Kf3 e5 31. Rxa7 Kd8 32. b6 Rxa7 33.
Rxa7 Rb8 34. b7 Kc7 35. Ra8 1-0

[Event "Commonwealth & South African Open 2011"]
[Site "Emperors Casino and Conference"]
[Date "2011.06.24"]
[Round "3.35"]
[White "Phillips, Nigel J"]
[Black "Hercules, Benjamin Vincent"]
[Result "0-1"]
[WhiteElo "1653"]
[BlackElo "2089"]
[PlyCount "63"]
[EventDate "2011.06.24"]

1. e4 c5 2. c3 d5 3. exd5 Qxd5 4. d4 Nf6 5. Nf3 e6 6. Na3 a6 7. Bc4 Qc6 8. O-O
Nbd7 9. Re1 Be7 10. Ne5 Nxe5 11. dxe5 Nd5 12. Qg4 Bd7 13. Be2 O-O-O 14. Bf3 Qc7
15. Nc2 g5 16. Qe4 Bc6 17. Qe2 h5 18. Bxh5 f5 19. exf6 Bxf6 20. h3 Kb8 21. c4
Nf4 22. Bxf4 gxf4 23. Bf3 Bxb2 24. Rab1 Bc3 25. Red1 Rdg8 26. Kh2 e5 27. Bxc6
Qxc6 28. Rd5 Ka8 29. Qe4 Rg7 30. Ne1 Qc8 31. Nd3 Bd4 32. Rd6 0-1

[Event "Commonwealth & South African Open 2011"]
[Site "Emperors Casino and Conference"]
[Date "2011.06.24"]
[Round "3.36"]
[White "Stevens, Tristan"]
[Black "Barrish, Daniel"]
[Result "1/2-1/2"]
[WhiteElo "2087"]
[BlackElo "1678"]
[PlyCount "23"]
[EventDate "2011.06.24"]

1. e4 c5 2. Nf3 d6 3. d4 cxd4 4. Nxd4 Nf6 5. Nc3 g6 6. Be3 Bg7 7. f3 O-O 8. Qd2
Nc6 9. O-O-O d5 10. exd5 Nxd5 11. Nxc6 bxc6 12. Na4 1/2-1/2

[Event "Commonwealth & South African Open 2011"]
[Site "Emperors Casino and Conference"]
[Date "2011.06.24"]
[Round "3.37"]
[White "Meintjes, Jacques C"]
[Black "Mpya, Tshediso M"]
[Result "1-0"]
[WhiteElo "2078"]
[BlackElo "1677"]
[PlyCount "22"]
[EventDate "2011.06.24"]

1. e4 e6 2. d4 Nf6 3. Nc3 g6 4. Nf3 Bg7 5. h3 O-O 6. Be3 c6 7. Qd2 d5 8. Bd3
Nbd7 9. O-O Qc7 10. Bh6 e5 11. Bxg7 Kxg7 1-0

[Event "Commonwealth & South African Open 2011"]
[Site "Emperors Casino and Conference"]
[Date "2011.06.24"]
[Round "3.39"]
[White "Willenberg, Craig G"]
[Black "Nizetich, Dino"]
[Result "1-0"]
[WhiteElo "2072"]
[BlackElo "1634"]
[PlyCount "65"]
[EventDate "2011.06.24"]

1. e4 c5 2. Nf3 g6 3. c3 Bg7 4. d4 cxd4 5. cxd4 d5 6. e5 Nc6 7. Nc3 Bg4 8. Bb5
Rc8 9. h3 Bxf3 10. Qxf3 e6 11. h4 Qb6 12. Be3 a6 13. Bxc6+ Rxc6 14. Qe2 h5 15.
Rd1 Ne7 16. Rd2 Rc4 17. O-O Nf5 18. Ne4 Qc7 19. Nc5 Bxe5 20. dxe5 Nxe3 21. Nxe6
fxe6 22. Qxe3 O-O 23. Rd4 Rxd4 24. Qxd4 Rf5 25. Re1 Qc2 26. Qb6 Qc8 27. Re3
Rxe5 28. Rc3 Re1+ 29. Kh2 Qb8+ 30. Rc7 Re4 31. g3 Qf8 32. Rxb7 Rxh4+ 33. Kg2
1-0

[Event "Commonwealth & South African Open 2011"]
[Site "Emperors Casino and Conference"]
[Date "2011.06.24"]
[Round "3.40"]
[White "Klaasen, Calvin J"]
[Black "Willenberg, Shaun R"]
[Result "1-0"]
[WhiteElo "2068"]
[BlackElo "1533"]
[PlyCount "81"]
[EventDate "2011.06.24"]

1. d4 d5 2. c4 e6 3. Nf3 Nf6 4. Nc3 Bb4 5. cxd5 exd5 6. Bg5 c6 7. Qc2 O-O 8. e3
Bg4 9. Bd3 h6 10. Bh4 Nbd7 11. Ne5 Qa5 12. Nxg4 Nxg4 13. Bf5 Ngf6 14. O-O Bd6
15. Rfc1 Rab8 16. a3 g5 17. Bg3 Bxg3 18. hxg3 Qd8 19. b4 Ne8 20. b5 Nb6 21.
bxc6 bxc6 22. Na4 Nc4 23. Bd3 Na5 24. Rab1 Rxb1 25. Rxb1 Nd6 26. Qc5 Qc7 27.
Nc3 Rc8 28. Ba6 Nab7 29. Bxb7 Nxb7 30. Qxa7 Na5 31. Qxc7 Rxc7 32. a4 Ra7 33.
Kf1 Kf8 34. Ke2 Ke7 35. Kd3 Ra8 36. g4 Kd6 37. e4 Nc4 38. exd5 cxd5 39. Rb5 Ra5
40. Nxd5 Rxa4 41. Nc3 1-0

[Event "Commonwealth & South African Open 2011"]
[Site "Emperors Casino and Conference"]
[Date "2011.06.24"]
[Round "3.41"]
[White "Ringoir, Tanguy"]
[Black "Durow, Neil"]
[Result "1-0"]
[WhiteElo "2399"]
[BlackElo "1759"]
[PlyCount "85"]
[EventDate "2011.06.24"]

1. e4 c5 2. Nc3 Nc6 3. f4 d6 4. Nf3 g6 5. Bb5 Bg7 6. Bxc6+ bxc6 7. d3 Rb8 8.
O-O Nf6 9. Qe1 O-O 10. Qh4 Nd7 11. f5 e5 12. fxg6 fxg6 13. Bg5 Qe8 14. b3 Rf7
15. Nd2 Ba6 16. Nc4 Bxc4 17. dxc4 Qe6 18. Rxf7 Qxf7 19. Rd1 Qe6 20. h3 Bf6 21.
Rf1 Rf8 22. Bxf6 Rxf6 23. Rxf6 Qxf6 24. Qg4 Qe7 25. Kf1 Kg7 26. Ke2 h5 27. Qg3
Nf8 28. Nd1 Ne6 29. Ne3 Kh6 30. Qf2 Kg7 31. h4 Nf4+ 32. Kd2 Qc7 33. c3 Qa5 34.
a4 Qb6 35. Kc2 a5 36. g3 Ne6 37. g4 hxg4 38. h5 Nf4 39. Qh4 Qc7 40. hxg6 Nxg6
41. Nf5+ Kg8 42. Qxg4 Kh7 43. Qh5+ 1-0

[Event "Commonwealth & South African Open 2011"]
[Site "Emperors Casino and Conference"]
[Date "2011.06.24"]
[Round "3.42"]
[White "Jere, Daniel"]
[Black "Mgobhozi, Sivuyile W"]
[Result "1-0"]
[WhiteElo "2344"]
[BlackElo "1758"]
[PlyCount "59"]
[EventDate "2011.06.24"]

1. c4 e6 2. g3 Nf6 3. Bg2 d5 4. Nf3 Be7 5. O-O O-O 6. b3 Nc6 7. Bb2 a6 8. d4
Ne4 9. Nbd2 Nxd2 10. Qxd2 Bf6 11. Rac1 Qe7 12. Qf4 Rd8 13. h4 h6 14. Ne5 g5 15.
Qg4 Bg7 16. Qh5 Nxe5 17. dxe5 c6 18. f4 gxh4 19. gxh4 Kh7 20. cxd5 cxd5 21. Bd4
Rb8 22. Kh2 b5 23. e4 Bb7 24. exd5 exd5 25. Bc5 Qe6 26. Bh3 Qe8 27. Bf5+ Kh8
28. Bd4 Bc6 29. Rxc6 Qxc6 30. e6 1-0

[Event "Commonwealth & South African Open 2011"]
[Site "Emperors Casino and Conference"]
[Date "2011.06.24"]
[Round "3.43"]
[White "Irving, Laura"]
[Black "Mabusela, Johannes M"]
[Result "0-1"]
[WhiteElo "1733"]
[BlackElo "2272"]
[PlyCount "76"]
[EventDate "2011.06.24"]

1. d4 Nf6 2. c4 e6 3. Nc3 Bb4 4. Qc2 O-O 5. Nf3 b6 6. Bg5 Bb7 7. e3 Bxc3+ 8.
Qxc3 d6 9. Be2 Nbd7 10. O-O c5 11. Nd2 Rc8 12. Rfd1 Nd5 13. Bxd8 Nxc3 14. bxc3
Rfxd8 15. e4 Ba6 16. d5 exd5 17. exd5 Re8 18. Bg4 Rcd8 19. Bxd7 Rxd7 20. Re1
Rde7 21. Kf1 Kf8 22. Rxe7 Rxe7 23. Re1 Rb7 24. a4 Rb8 25. Re3 Re8 26. Ke2 Bc8
27. Ne4 Rd8 28. h3 h6 29. f4 f5 30. Nf2 Bd7 31. g4 fxg4 32. hxg4 Re8 33. f5
Rxe3+ 34. Kxe3 Bxa4 35. Ne4 Ke7 36. g5 hxg5 37. Nxg5 Bd7 38. Ne6 Bxe6 0-1

[Event "Commonwealth & South African Open 2011"]
[Site "Emperors Casino and Conference"]
[Date "2011.06.24"]
[Round "3.44"]
[White "de Abreu, Roberto N"]
[Black "Gluckman, David"]
[Result "0-1"]
[WhiteElo "1742"]
[BlackElo "2262"]
[PlyCount "64"]
[EventDate "2011.06.24"]

1. d4 e6 2. c4 f5 3. Nf3 Nf6 4. g3 d5 5. Bg2 c6 6. O-O Bd6 7. b3 Qe7 8. a4 O-O
9. Ba3 Bxa3 10. Nxa3 Bd7 11. Nc2 Be8 12. Nce1 Nbd7 13. Nd3 Ne4 14. Nfe5 Nd6 15.
Rc1 Nf7 16. Nxd7 Bxd7 17. f3 Rad8 18. Nc5 Be8 19. f4 dxc4 20. bxc4 e5 21. fxe5
Nxe5 22. e4 fxe4 23. Rxf8+ Qxf8 24. Bxe4 Ng4 25. Qc2 Rxd4 26. Bxh7+ Kh8 27. Nb3
Rxc4 28. Rf1 Qxf1+ 29. Kxf1 Rxc2 30. Bxc2 Ne3+ 31. Ke2 Nxc2 32. Nd2 Nd4+ 0-1

[Event "Commonwealth & South African Open 2011"]
[Site "Emperors Casino and Conference"]
[Date "2011.06.24"]
[Round "3.45"]
[White "Cronwright, Shaun"]
[Black "Nel, Andre"]
[Result "0-1"]
[WhiteElo "1552"]
[BlackElo "2236"]
[PlyCount "44"]
[EventDate "2011.06.24"]

1. d4 Nf6 2. Nf3 g6 3. Bg5 Bg7 4. Nbd2 d5 5. e3 O-O 6. Bd3 b6 7. Qe2 c5 8. c3
Bb7 9. O-O Ne4 10. Bh4 Nd7 11. Bg3 e6 12. Bxe4 dxe4 13. Ne5 Nxe5 14. dxe5 Qc7
15. Qc4 Qc6 16. a4 Rfd8 17. Rad1 Rd3 18. Qb3 Rad8 19. Nb1 c4 20. Qc2 Qd5 21.
Rde1 Bc6 22. Na3 Rd2 0-1

[Event "Commonwealth & South African Open 2011"]
[Site "Emperors Casino and Conference"]
[Date "2011.06.24"]
[Round "3.46"]
[White "Bhawoodien, Shabir"]
[Black "Surujhlal, Divek"]
[Result "1-0"]
[WhiteElo "2115"]
[BlackElo "1717"]
[PlyCount "65"]
[EventDate "2011.06.24"]

1. d4 Nf6 2. c4 g6 3. Nc3 Bg7 4. e4 d6 5. f3 O-O 6. Be3 e5 7. d5 Ne8 8. Qd2 f5
9. O-O-O Na6 10. Bd3 f4 11. Bf2 c5 12. dxc6 bxc6 13. c5 Kh8 14. Bxa6 Bxa6 15.
cxd6 Rf7 16. Qc2 Nxd6 17. Qa4 Bb5 18. Nxb5 cxb5 19. Qb3 Rc7+ 20. Kb1 Qe7 21.
Ne2 Rac8 22. Nc3 Rc6 23. Nd5 Qb7 24. Nb4 Nxe4 25. Nxc6 Nxf2 26. Nd8 Qe7 27.
Nf7+ Kg8 28. Nd6+ Rc4 29. Nxc4 bxc4 30. Qxc4+ Kh8 31. Qc8+ Bf8 32. Rd7 Qf6 33.
Rf1 1-0

[Event "Commonwealth & South African Open 2011"]
[Site "Emperors Casino and Conference"]
[Date "2011.06.24"]
[Round "3.47"]
[White "Makhushini, Moses J"]
[Black "McAvoy, Paul L"]
[Result "1-0"]
[WhiteElo "1731"]
[BlackElo "2058"]
[PlyCount "61"]
[EventDate "2011.06.24"]

1. d4 Nf6 2. c4 g6 3. Nc3 d5 4. Bg5 Ne4 5. Nxe4 dxe4 6. e3 Bg7 7. Ne2 c5 8. Qd2
Nc6 9. d5 Ne5 10. Nc3 f5 11. Be2 O-O 12. h4 Nf7 13. O-O-O h6 14. Bf4 a6 15. Kb1
Nd6 16. Rdg1 b5 17. Bxd6 exd6 18. g4 bxc4 19. gxf5 Bxf5 20. Bxc4 Qf6 21. Kc2 h5
22. Nd1 Bg4 23. Be2 Bxe2 24. Qxe2 Rab8 25. Kc1 Rxb2 26. Qxb2 Qf5 27. Qb7 Qe5
28. Rxg6 Rf7 29. Qb2 Qxd5 30. Rhg1 Qc4+ 31. Qc3 1-0

[Event "Commonwealth & South African Open 2011"]
[Site "Emperors Casino and Conference"]
[Date "2011.06.24"]
[Round "3.48"]
[White "Skosana, Stephen"]
[Black "Bornheim, Darren"]
[Result "1/2-1/2"]
[WhiteElo "1959"]
[BlackElo "1730"]
[PlyCount "114"]
[EventDate "2011.06.24"]

1. d4 e6 2. c4 d5 3. Nc3 Nf6 4. Nf3 Nbd7 5. Bg5 Be7 6. e3 O-O 7. Bd3 c6 8. O-O
dxc4 9. Bxc4 b5 10. Bd3 a6 11. e4 h6 12. Bf4 Bb7 13. e5 Nd5 14. Nxd5 cxd5 15.
a4 b4 16. Nd2 f5 17. exf6 Bxf6 18. Qg4 Bxd4 19. Bxh6 Qe7 20. Qxd4 gxh6 21. Rae1
e5 22. Qg4+ Kh8 23. Bf5 Bc6 24. Nf3 Rf6 25. Qh5 e4 26. Bxd7 Qxd7 27. Ne5 Qe8
28. Qxe8+ Rxe8 29. Nxc6 Rxc6 30. Rd1 Rc5 31. Rd4 a5 32. Rfd1 Re5 33. Kf1 Kg7
34. Ke2 Kf6 35. f4 exf3+ 36. Kxf3 Ke6 37. R1d2 Rc4 38. g4 Rc7 39. h4 Rf7+ 40.
Rf4 Rxf4+ 41. Kxf4 Re4+ 42. Kf3 Ke5 43. Rg2 d4 44. Re2 Rxe2 45. Kxe2 Kf4 46. g5
hxg5 47. hxg5 Kxg5 48. Kd3 Kf4 49. Kxd4 b3 50. Kc3 Ke3 51. Kxb3 Kd3 52. Ka3 Kc4
53. Ka2 Kb4 54. b3 Kc5 55. Kb2 Kb4 56. Kc2 Kc5 57. Kc3 Kd5 1/2-1/2

[Event "Commonwealth & South African Open 2011"]
[Site "Emperors Casino and Conference"]
[Date "2011.06.24"]
[Round "3.49"]
[White "Makhubela L"]
[Black "Grootboom, Elrich"]
[Result "1-0"]
[WhiteElo "1468"]
[BlackElo "1673"]
[PlyCount "61"]
[EventDate "2011.06.24"]

1. e4 c5 2. Nf3 d6 3. d4 cxd4 4. Nxd4 Nf6 5. Nc3 a6 6. Bc4 e6 7. Bb3 Nc6 8. Bg5
Be7 9. Qd2 Qc7 10. O-O-O Bd7 11. Kb1 Rc8 12. f4 Na5 13. Rhe1 Nc4 14. Bxc4 Qxc4
15. f5 e5 16. Nb3 b5 17. Bxf6 gxf6 18. Nd5 Bd8 19. Ne3 Qxe4 20. Qxd6 Qc6 21.
Qd2 Bb6 22. g4 h5 23. Nd5 Bd8 24. Re3 hxg4 25. Rc3 Qb7 26. Nc5 Rxc5 27. Rxc5
Bxf5 28. Ne3 Bd7 29. Rd5 Bb6 30. Rxd7 Bxe3 31. Rd8+ 1-0

[Event "Commonwealth & South African Open 2011"]
[Site "Emperors Casino and Conference"]
[Date "2011.06.24"]
[Round "3.50"]
[White "Oberholzer, Francois"]
[Black "Magu, Sachin V"]
[Result "1-0"]
[WhiteElo "1896"]
[BlackElo "1644"]
[PlyCount "80"]
[EventDate "2011.06.24"]

1. d4 d5 2. c4 e6 3. Nc3 Nf6 4. Nf3 c6 5. g3 Nbd7 6. Bg2 Be7 7. O-O O-O 8. Qc2
b6 9. Bf4 Bb7 10. Rfd1 a6 11. b3 c5 12. cxd5 exd5 13. Ne5 cxd4 14. Nxd7 Qxd7
15. Rxd4 Bc5 16. Rd2 d4 17. Ne4 Nxe4 18. Bxe4 Bxe4 19. Qxe4 Rfe8 20. Qf3 Qe6
21. a3 b5 22. b4 Bb6 23. Kg2 Rac8 24. e3 Red8 25. Rad1 dxe3 26. Rd6 e2 27.
Rxd8+ Rxd8 28. Re1 Re8 29. Be3 Bxe3 30. Rxe2 Qe4 31. Rxe3 Qxf3+ 32. Kxf3 Kf8
33. Rxe8+ Kxe8 34. Ke4 Ke7 35. Ke5 Kd7 36. Kd5 h6 37. g4 g6 38. h4 h5 39. gxh5
gxh5 40. Ke5 Kc6 1-0

[Event "Commonwealth & South African Open 2011"]
[Site "Emperors Casino and Conference"]
[Date "2011.06.24"]
[Round "1.1"]
[White "Short, Nigel D"]
[Black "Guo, Hong-Da Tony"]
[Result "1-0"]
[WhiteElo "2682"]
[BlackElo "1628"]
[PlyCount "81"]
[EventDate "2011.06.24"]

1. e4 e6 2. d4 d5 3. Nc3 Bb4 4. e5 b6 5. Bd2 Qd7 6. Bb5 Nc6 7. Nf3 Bb7 8. O-O
O-O-O 9. Re1 h6 10. Ne2 Be7 11. c3 g5 12. h3 Rf8 13. b4 Bd8 14. a4 Nge7 15. Nc1
Kb8 16. Nb3 a6 17. Bd3 Na7 18. Qe2 Qc8 19. Reb1 Rfg8 20. Rb2 g4 21. hxg4 Rxg4
22. Rab1 Rhg8 23. Ne1 Nf5 24. Nc5 Nh4 25. g3 Nf5 26. Nxa6+ Bxa6 27. Bxa6 Nxg3
28. Qxg4 Ne2+ 29. Kf1 Ng3+ 30. Qxg3 Qxa6+ 31. b5 Rxg3 32. bxa6 Rg6 33. Nd3 Nc6
34. Ke2 Na5 35. Rh1 Nc4 36. Rbb1 Rg2 37. Rbg1 Rxg1 38. Rxg1 Nxd2 39. Kxd2 Bg5+
40. f4 Be7 41. Rg7 1-0

[Event "Commonwealth & South African Open 2011"]
[Site "Emperors Casino and Conference"]
[Date "2011.06.24"]
[Round "1.2"]
[White "Louw, Conrad D"]
[Black "Gupta, Abhijeet"]
[Result "0-1"]
[WhiteElo "1626"]
[BlackElo "2604"]
[PlyCount "60"]
[EventDate "2011.06.24"]

1. e4 c5 2. Bc4 Nc6 3. Nf3 d6 4. h3 Nf6 5. d3 g6 6. Be3 Bg7 7. Nc3 O-O 8. Qd2
Re8 9. g4 a6 10. g5 Nh5 11. Ne2 e6 12. Bb3 Bxb2 13. Rb1 Bg7 14. Ng3 Nxg3 15.
fxg3 Qa5 16. Ke2 b5 17. h4 Qxd2+ 18. Kxd2 Na5 19. e5 Bb7 20. Rhf1 Bxf3 21. Rxf3
Bxe5 22. g4 Rac8 23. a4 d5 24. axb5 axb5 25. Ba2 b4 26. h5 c4 27. Bb6 cxd3 28.
cxd3 Bc3+ 29. Ke2 Nc6 30. Bb3 Bd4 0-1

[Event "Commonwealth & South African Open 2011"]
[Site "Emperors Casino and Conference"]
[Date "2011.06.24"]
[Round "1.3"]
[White "Jones, Gawain CB"]
[Black "Rex, Ernst"]
[Result "1-0"]
[WhiteElo "2596"]
[BlackElo "1626"]
[PlyCount "77"]
[EventDate "2011.06.24"]

1. e4 c5 2. Nc3 Nc6 3. Bb5 Nd4 4. Bc4 e6 5. Nge2 a6 6. Nxd4 cxd4 7. Ne2 b5 8.
Bb3 Bc5 9. c3 Qb6 10. cxd4 Bxd4 11. Nxd4 Qxd4 12. d3 Nf6 13. Qe2 O-O 14. Be3
Qb4+ 15. Bd2 Qe7 16. O-O d6 17. Bg5 e5 18. f4 Be6 19. fxe5 dxe5 20. Bxf6 gxf6
21. Rf3 Kh8 22. Qf2 Bxb3 23. axb3 Qa7 24. Rxf6 Qxf2+ 25. Kxf2 a5 26. Ke3 Kg7
27. Rb6 Rab8 28. Rxb8 Rxb8 29. Rxa5 h5 30. Ra6 f6 31. Rc6 Kg6 32. Rc5 h4 33.
Kf3 Rd8 34. Rd5 Rxd5 35. exd5 f5 36. g3 h3 37. b4 f4 38. d6 Kf7 39. g4 1-0

[Event "Commonwealth & South African Open 2011"]
[Site "Emperors Casino and Conference"]
[Date "2011.06.24"]
[Round "1.4"]
[White "Mahomole, Mahlodi J"]
[Black "Lafuente, Pablo"]
[Result "0-1"]
[WhiteElo "1622"]
[BlackElo "2555"]
[PlyCount "68"]
[EventDate "2011.06.24"]

1. e4 c6 2. d4 d5 3. e5 Bf5 4. Bd3 Bxd3 5. Qxd3 e6 6. Ne2 c5 7. c3 Nc6 8. O-O
Rc8 9. f4 cxd4 10. cxd4 Nb4 11. Qb5+ Qd7 12. Qxd7+ Kxd7 13. Nbc3 Nh6 14. a3 Nc6
15. h3 Nf5 16. Rd1 h5 17. Kf2 h4 18. Be3 Na5 19. Rab1 Be7 20. Bd2 Nc4 21. Bc1
Rc6 22. b4 Rhc8 23. Rb3 Rb8 24. a4 a6 25. b5 Rcc8 26. bxa6 bxa6 27. Rb1 Rxb1
28. Nxb1 Rb8 29. Nd2 Nce3 30. Rg1 Nc2 31. Nf3 Rb4 32. a5 Ncxd4 33. Ba3 Nxe2 34.
Bxb4 Nxg1 0-1

[Event "Commonwealth & South African Open 2011"]
[Site "Emperors Casino and Conference"]
[Date "2011.06.24"]
[Round "1.5"]
[White "Kunte, Abhijit"]
[Black "Pon, Mat"]
[Result "1-0"]
[WhiteElo "2526"]
[BlackElo "1622"]
[PlyCount "79"]
[EventDate "2011.06.24"]

1. d4 Nf6 2. c4 g6 3. g3 Bg7 4. Bg2 O-O 5. Nc3 d6 6. Nf3 c6 7. O-O Qa5 8. e4
Bg4 9. h3 Bxf3 10. Qxf3 Nbd7 11. Qe2 e5 12. d5 c5 13. Bd2 Ne8 14. f4 Qd8 15. f5
Qe7 16. h4 h6 17. Bh3 Ndf6 18. Be3 Nh7 19. fxg6 fxg6 20. Be6+ Kh8 21. Qg4 Rxf1+
22. Rxf1 Nef6 23. Qxg6 Nf8 24. Qf7 Qxf7 25. Bxf7 Kh7 26. Kg2 Rd8 27. Rd1 Ng4
28. Bg1 Nf6 29. Kf3 Ng6 30. Be3 Ne7 31. g4 Rf8 32. Kg3 a6 33. a4 Ne8 34. Be6
Bf6 35. g5 hxg5 36. hxg5 Bh8 37. Kg4 Kg6 38. Rh1 Bg7 39. Ne2 Rh8 40. Rf1 1-0

[Event "Commonwealth & South African Open 2011"]
[Site "Emperors Casino and Conference"]
[Date "2011.06.24"]
[Round "1.6"]
[White "Tenzer, Daniel"]
[Black "Smerdon, David"]
[Result "0-1"]
[WhiteElo "1620"]
[BlackElo "2520"]
[PlyCount "58"]
[EventDate "2011.06.24"]

1. f4 g6 2. Nf3 Bg7 3. e3 c5 4. Be2 Nc6 5. O-O d6 6. d3 e6 7. a3 Nge7 8. Qe1
Rb8 9. Kh1 O-O 10. e4 Nd4 11. Nxd4 cxd4 12. Qf2 f5 13. Nd2 e5 14. Nf3 Qc7 15.
Bd1 b6 16. Bd2 Kh8 17. Qh4 Ng8 18. Ng5 h6 19. Rf3 Qe7 20. fxe5 Bxe5 21. c3 Bf6
22. Rg3 f4 23. Bxf4 Bxg5 24. Rxg5 Qxg5 25. Qxg5 hxg5 26. Bh5 gxf4 27. Bxg6 f3
28. gxf3 Rxf3 29. Kg2 Rxd3 0-1

[Event "Commonwealth & South African Open 2011"]
[Site "Emperors Casino and Conference"]
[Date "2011.06.24"]
[Round "1.7"]
[White "Harika, Dronovali"]
[Black "Legau, Tsholofelo"]
[Result "1-0"]
[WhiteElo "2520"]
[BlackElo "1619"]
[PlyCount "95"]
[EventDate "2011.06.24"]

1. Nf3 Nf6 2. c4 g6 3. g3 Bg7 4. Bg2 d6 5. d4 O-O 6. O-O Nbd7 7. Qc2 c6 8. Rd1
Qc7 9. b3 Re8 10. Ba3 b6 11. Nc3 Bb7 12. e4 Rad8 13. Rac1 Ba8 14. h3 Bh6 15.
Rb1 Bg7 16. Qe2 c5 17. Rbc1 Qb7 18. Ne1 Qb8 19. Nc2 Bh6 20. Rb1 a6 21. b4 cxd4
22. Nxd4 Rc8 23. Nd5 Nxd5 24. exd5 Ne5 25. c5 b5 26. Bc1 Bg7 27. Be3 Nc4 28.
Nc6 Qc7 29. Bf4 e5 30. cxd6 Qxd6 31. Be3 Nxe3 32. Qxe3 f5 33. Rbc1 e4 34. Qc5
Bf8 35. Qe3 Qf6 36. Qb6 Bxb4 37. Qxa6 Bc3 38. Qxb5 Bxc6 39. dxc6 Qxc6 40. Qb3+
Kh8 41. Rd3 Qe6 42. Rdxc3 Qxb3 43. axb3 Rb8 44. h4 Re7 45. Bf1 Rbe8 46. b4 e3
47. fxe3 Rxe3 48. b5 1-0

[Event "Commonwealth & South African Open 2011"]
[Site "Emperors Casino and Conference"]
[Date "2011.06.24"]
[Round "1.8"]
[White "Lythgoe, Stephen J"]
[Black "Huschenbeth, Niclas"]
[Result "0-1"]
[WhiteElo "1618"]
[BlackElo "2502"]
[PlyCount "41"]
[EventDate "2011.06.24"]

1. e4 c5 2. Nc3 a6 3. f4 b5 4. Nf3 Bb7 5. d3 e6 6. g3 d5 7. e5 h5 8. Bg2 Nh6 9.
Nh4 g6 10. O-O Be7 11. Nf3 h4 12. Ne2 hxg3 13. hxg3 d4 14. c3 dxc3 15. bxc3 Nd7
16. a4 Nb6 17. axb5 axb5 18. Rxa8 Qxa8 19. Qb3 Ba6 20. c4 b4 21. Ne1 0-1

[Event "Commonwealth & South African Open 2011"]
[Site "Emperors Casino and Conference"]
[Date "2011.06.24"]
[Round "1.9"]
[White "Grover, Sahaj"]
[Black "Mthunzi, Clive"]
[Result "1-0"]
[WhiteElo "2485"]
[BlackElo "1616"]
[PlyCount "75"]
[EventDate "2011.06.24"]

1. e4 c5 2. Nf3 Nc6 3. Nc3 g6 4. d4 cxd4 5. Nxd4 Bg7 6. Be3 Nf6 7. Nb3 O-O 8.
Be2 a6 9. f4 b5 10. e5 Ne8 11. a4 b4 12. Nd5 e6 13. Bb6 Qh4+ 14. g3 Qh3 15. Ne3
f6 16. Bf1 Qh6 17. Ng4 Qh5 18. Be2 Qh3 19. Nc5 Rf7 20. Ne4 Nxe5 21. fxe5 fxe5
22. Rg1 h6 23. Nef2 Rxf2 24. Nxf2 Qf5 25. Bf3 d5 26. Bxd5 Rb8 27. Be4 Qg5 28.
Ba7 Rb7 29. Bxb7 Bxb7 30. Qd7 Bd5 31. Qxe8+ Kh7 32. h4 Qh5 33. Qf7 Bc4 34. g4
Qxh4 35. Be3 Qd8 36. Rh1 g5 37. Rxh6+ Kxh6 38. Qh5# 1-0

[Event "Commonwealth & South African Open 2011"]
[Site "Emperors Casino and Conference"]
[Date "2011.06.24"]
[Round "1.10"]
[White "Londt, Christopher P"]
[Black "Laxman, Rajaram"]
[Result "0-1"]
[WhiteElo "1612"]
[BlackElo "2446"]
[PlyCount "65"]
[EventDate "2011.06.24"]

1. e4 e5 2. Nf3 Nc6 3. Bc4 Nf6 4. Ng5 d5 5. exd5 Na5 6. Bb5+ c6 7. dxc6 bxc6 8.
Be2 h6 9. Nf3 e4 10. Ne5 Qc7 11. Nc4 Nxc4 12. Bxc4 Bd6 13. h3 O-O 14. Nc3 Re8
15. Qe2 Be5 16. O-O Bf5 17. Nd1 Nd5 18. Bxd5 cxd5 19. Ne3 Be6 20. d3 f5 21. f3
d4 22. Nd1 e3 23. Nxe3 dxe3 24. Qxe3 Bxa2 25. Qf2 Bg3 26. Qd2 Bf7 27. b3 Re6
28. c4 Rae8 29. Qc3 Re2 30. Bb2 Be5 31. d4 Bf6 32. f4 R8e6 33. Qc1 0-1

[Event "Commonwealth & South African Open 2011"]
[Site "Emperors Casino and Conference"]
[Date "2011.06.24"]
[Round "3.1"]
[White "Short, Nigel D"]
[Black "Breytenbach, Jan"]
[Result "1-0"]
[WhiteElo "2682"]
[BlackElo "2036"]
[PlyCount "62"]
[EventDate "2011.06.24"]

1. e4 c5 2. Nf3 Nc6 3. d4 cxd4 4. Nxd4 g6 5. c4 Bg7 6. Be3 Nf6 7. Nc3 d6 8. Be2
Bd7 9. Nc2 a6 10. O-O O-O 11. f3 Ne5 12. a4 Rc8 13. b3 Qa5 14. Qd2 Nc6 15. Na3
Be6 16. Rfb1 Nd7 17. b4 Qh5 18. f4 Bg4 19. Bf1 Be6 20. h3 f5 21. Be2 Qh4 22. b5
Na5 23. Bf2 Qf6 24. bxa6 bxa6 25. Nd5 Bxd5 26. Qxd5+ Qf7 27. Qxa5 fxe4 28. Be3
d5 29. Rd1 e6 30. Qd2 Nf6 31. c5 Qb7 {Notation unclear} 1-0

[Event "Commonwealth & South African Open 2011"]
[Site "Emperors Casino and Conference"]
[Date "2011.06.24"]
[Round "3.2"]
[White "Hoek, Cornelis"]
[Black "Gupta, Abhijeet"]
[Result "0-1"]
[WhiteElo "2037"]
[BlackElo "2604"]
[PlyCount "96"]
[EventDate "2011.06.24"]

1. e4 c5 2. Nc3 d6 3. f4 g6 4. Nf3 Bg7 5. d3 Nc6 6. g3 e6 7. Bg2 Nge7 8. O-O
O-O 9. Ne2 b6 10. h3 Bb7 11. g4 f5 12. Ng3 Nd4 13. c3 Nxf3+ 14. Qxf3 Qd7 15.
Bd2 Bc6 16. Rad1 Rad8 17. Bc1 b5 18. Qf2 a5 19. Be3 Qb7 20. exf5 exf5 21. g5
Nd5 22. Rfe1 b4 23. d4 c4 24. Bd2 Kh8 25. h4 h5 26. Re6 Qf7 27. Rde1 Rfe8 28.
R6e2 bxc3 29. bxc3 Ba8 30. Kh2 Nc7 31. Bxa8 Rxa8 32. Qf3 d5 33. Bc1 Rxe2+ 34.
Rxe2 Nb5 35. Qe3 Kg8 36. Kg2 a4 37. Kf3 a3 38. Re1 Nd6 39. Qe6 Ne4 40. Qxf7+
Kxf7 41. Nxe4 fxe4+ 42. Kg3 Bf8 43. Re2 Ke6 44. Rc2 Bd6 45. Re2 Rb8 46. Be3 Kf5
47. Rf2 Rb2 48. Rd2 Bc7 0-1